Прародина ариев. История, обряды и мифы (Запис № 318621)

МАРК-запис
000 -Лідер
fixed length control field 00650nam a22002537a 4500
001 - Контрольний номер
control field 32182
003 - Ідентифікатор контрольного номера
control field UA-OsUOA
005 - Дата та час останнього входження (трансакції)
control field 20230131142312.0
007 - Фіксоване поле фізичного опису
fixed length control field ta
008 - Елементи даних фіксованої довжини – загальна інформація
fixed length control field 20050125b un ||||| |||| 00| 0 ukr d
020 ## - Міжнародний стандартний книжковий номер (ISBN)
Міжнародний стандартний книжковий номер (ISBN) (НП) 5776805564
040 ## - Джерело каталогізації
Агенція оригінальної каталогізації UA-OsUOA
Мова каталогізації rus
Агенція, яка здійснювала перезапис UA-OsUOA
Агенція, яка здійснювала модифікацію UA-OsUOA
041 ## - Код мови
Код мови тексту/ звукової доріжки чи окремого заголовка (П) rus
044 ## - Код країни видавця/ виробника
Код країни видавця/ виробника (П) UA
080 ## - Індекс Універсальної десяткової класифікації
Індекс Універсальної десяткової класифікації (УДК) (НП) 008(091)(477)"6"
090 ## - Локальний шифр розміщення
Класифікаційний індекс УДК 008(091)(477)"6"
Авторський знак (НП) Ш59
100 ## - Основне введення – ім’я особи
Ім’я особи (НП) Шилов Ю. А.
245 ## - Відомості про назву
Назва (НП) Прародина ариев. История, обряды и мифы
Дані про відповідальність (НП) Ю. А. Шилов
260 ## - Публікація, розповсюдження і т.п. (Вихідні дані)
Місце публікації, розповсюдження і т.п. (П) Киев
Ім’я/ наймення видавництва, розповсюджувача і т.п. (П) СИНТО
Дата публікації, розповсюдження і т.п. (П) 1995
300 ## - Фізичний опис
Обсяг 575 с.
650 #7 - Додаткове предметне введення – тематичний термін
Джерело заголовка чи терміна UDC
942 ## - Додаткові елементи входу (Коха)
Тип елемента Koha Книги
Source of classification or shelving scheme Universal Decimal Classification
955 ## - Код типу видання за змістом
Код типу видання за змістом (НП) Навчальні видання
Фонди
Стан вилучень Стан втрат Джерело класифікації або схеми стелажів Стан уражень Не для кредиту Постійне місце розташування Поточне розміщення Дата придбання Інвентарний номер Усього замовленно Штрих-код Дата останнього перегляду Ціна ефективна від Тип елемента Koha
    Universal Decimal Classification     ЧЗ - Читальна зала ЧЗ - Читальна зала 25/01/2005 74859   74859 09/02/2022 25/01/2005 Книги